[Event "Donau Open "]
[Site "Wien 10"]
[Date "1999.05.13"]
[Round "6.13"]
[White "Kleiser, Gregor"]
[Black "Havlicek, Josef"]
[Result "1-0"]
[WhiteElo "2157"]
[BlackElo "2165"]
[PlyCount "53"]
[EventDate "1999.05.13"]

1. e4 e6 2. Nc3 d5 3. d4 Bb4 4. e5 c5 5. a3 Bxc3+ 6. bxc3 Ne7 7. Nf3 Qc7 8. a4
b6 9. Bb5+ Bd7 10. Be2 Bc6 11. h4 Nd7 12. Rh3 h6 13. h5 O-O 14. Nh4 f5 15. Ng6
Rf7 16. Be3 Nf8 17. Rg3 Nfxg6 18. hxg6 Rff8 19. Qd2 f4 20. Bxf4 cxd4 21. cxd4
Be8 22. Raa3 Nxg6 23. Rac3 Qe7 24. Be3 Rd8 25. Bd3 Qh4 26. Rh3 Qg4 27. f3 1-0

[Event "Donau Open "]
[Site "Wien 10"]
[Date "1999.05.14"]
[Round "7.2"]
[White "Balinov, Ilia"]
[Black "Kantorik, Marian"]
[Result "1-0"]
[WhiteElo "2434"]
[BlackElo "2327"]
[PlyCount "95"]
[EventDate "1999.05.14"]

1. e4 Nf6 2. e5 Nd5 3. d4 d6 4. Nf3 g6 5. Bc4 c6 6. O-O Bg7 7. exd6 Qxd6 8.
Nbd2 O-O 9. Bb3 Qc7 10. Re1 Bf5 11. c3 Nd7 12. Bxd5 cxd5 13. Rxe7 Be6 14. Ng5
Qd6 15. Nxe6 fxe6 16. Rxg7+ Kxg7 17. Nf3 Rf5 18. Be3 Raf8 19. Qe2 a6 20. Re1 b5
21. Bg5 Re8 22. Bh4 Qc6 23. g4 Rff8 24. Ne5 Nxe5 25. Qxe5+ Kg8 26. Bf6 Rf7 27.
h4 Qc7 28. Qg5 Rff8 29. Re3 Rxf6 30. Qxf6 Qe7 31. Qg5 Qf7 32. Kg2 Rf8 33. f3 a5
34. Qe5 Re8 35. a3 Qd7 36. Kg3 Kf7 37. h5 gxh5 38. Qxh5+ Kg8 39. Re5 Kh8 40.
Qh6 Qf7 41. f4 Re7 42. Rh5 b4 43. axb4 axb4 44. cxb4 Rb7 45. Qg5 Rxb4 46. Qd8+
Kg7 47. Rg5+ Kh6 48. Rf5 1-0

[Event "Donau Open "]
[Site "Wien 10"]
[Date "1999.05.14"]
[Round "7.3"]
[White "Steiner, Bruno"]
[Black "Weinzettl, Ernst"]
[Result "0-1"]
[WhiteElo "2175"]
[BlackElo "2420"]
[PlyCount "78"]
[EventDate "1999.05.14"]

1. e4 e6 2. d4 d5 3. Nc3 Nf6 4. e5 Nfd7 5. f4 c5 6. Nf3 a6 7. Be3 Qb6 8. Na4
Qc6 9. Nxc5 Nxc5 10. dxc5 Bxc5 11. Bd4 Bd7 12. Qd2 Qb6 13. O-O-O Nc6 14. Bxc5
Qxc5 15. Kb1 Rc8 16. Bd3 Na5 17. Rhg1 Rc6 18. g4 Rb6 19. Rg3 Qa3 20. Qc1 Nc6
21. c3 Ke7 22. f5 Rc8 23. Ka1 Qa4 24. Re1 h6 25. f6+ gxf6 26. exf6+ Kd8 27.
Qxh6 Kc7 28. Qe3 e5 29. b3 Qa5 30. Kb2 Re8 31. Bf5 Bxf5 32. gxf5 e4 33. Rg7 Kb8
34. Rxf7 Rh8 35. Nd2 Ka8 36. Re2 Ne5 37. Rg7 Nd3+ 38. Kb1 Qxc3 39. Nf1 Rc8 0-1

[Event "Donau Open "]
[Site "Wien 10"]
[Date "1999.05.14"]
[Round "7.4"]
[White "Kuciel, Wladyslaw"]
[Black "Petran, Peter"]
[Result "0-1"]
[WhiteElo "2154"]
[BlackElo "2433"]
[PlyCount "76"]
[EventDate "1999.05.14"]

1. e4 g6 2. d4 Bg7 3. f4 c5 4. Nf3 cxd4 5. Nxd4 Qb6 6. Nb3 d6 7. Bd3 Nf6 8. Nc3
O-O 9. Qe2 Bg4 10. Nd5 Nxd5 11. Qxg4 Nb4 12. Qe2 Nd7 13. Be3 Qc7 14. Nd4 Rfc8
15. c3 Nxd3+ 16. Qxd3 a6 17. O-O b5 18. Bf2 Qc4 19. Qh3 Nc5 20. Qe3 e5 21. Nc2
Qxe4 22. Nb4 Re8 23. Qd2 Rad8 24. Bh4 Rd7 25. Rae1 Qb7 26. Nd5 f5 27. g4 Rf7
28. gxf5 gxf5 29. Qg2 Kh8 30. fxe5 dxe5 31. b4 Nd3 32. Re3 e4 33. Nf4 Qb6 34.
Qh3 Bh6 35. Bg3 Qxe3+ 36. Kh1 Bxf4 37. Qh5 Ref8 38. Bh4 Qd2 0-1

[Event "Donau Open "]
[Site "Wien 10"]
[Date "1999.05.14"]
[Round "7.5"]
[White "Tibensky, Robert"]
[Black "Posch, Werner"]
[Result "1-0"]
[WhiteElo "2427"]
[BlackElo "2292"]
[PlyCount "93"]
[EventDate "1999.05.14"]

1. d4 d5 2. c4 Bf5 3. Nc3 e6 4. Nf3 c6 5. Qb3 Qb6 6. c5 Qc7 7. Bf4 Qc8 8. e4
dxe4 9. Nd2 Nf6 10. Nc4 Nd5 11. Bd6 Nd7 12. Bxf8 Kxf8 13. Nd6 Qc7 14. Bc4 N7f6
15. Bxd5 Nxd5 16. O-O Bg6 17. f3 e3 18. Nxd5 cxd5 19. Qxe3 h5 20. f4 Bf5 21.
Rfe1 Rh6 22. b4 Rf6 23. a4 Rd8 24. Qe5 Qd7 25. Ra3 h4 26. a5 a6 27. Re2 Kg8 28.
Rb2 Be4 29. b5 axb5 30. Rxb5 Rg6 31. Ra2 f6 32. Qh5 Rh6 33. Qg4 Rg6 34. Qxh4 e5
35. Rxb7 Qe6 36. fxe5 Rg4 37. Qe1 fxe5 38. a6 Qg6 39. Rbb2 Ra8 40. g3 Bf3 41.
a7 Rxd4 42. Rb8+ Kh7 43. Rxa8 Rd1 44. Rh8+ Kxh8 45. a8=Q+ Kh7 46. Qxd1 Bxd1 47.
Qxd5 1-0

[Event "Donau Open "]
[Site "Wien 10"]
[Date "1999.05.14"]
[Round "7.7"]
[White "Dueckstein, Andreas"]
[Black "Certek, Pavel"]
[Result "0-1"]
[WhiteElo "2336"]
[BlackElo "2250"]
[PlyCount "44"]
[EventDate "1999.05.14"]

1. e4 c5 2. Nf3 Nc6 3. d4 cxd4 4. Nxd4 g6 5. Nc3 Bg7 6. Be3 Nf6 7. Nxc6 bxc6 8.
e5 Nd5 9. Nxd5 cxd5 10. Qxd5 Rb8 11. Bc4 O-O 12. O-O Qc7 13. f4 Bb7 14. Qd3
Rfc8 15. Bb3 a5 16. Rf2 Qc6 17. a4 d6 18. Rd1 dxe5 19. fxe5 e6 20. Qd7 Rc7 21.
Qd8+ Rxd8 22. Rxd8+ Bf8 0-1

[Event "Donau Open "]
[Site "Wien 10"]
[Date "1999.05.14"]
[Round "7.8"]
[White "Kummer, Helmut"]
[Black "Kleiser, Gregor"]
[Result "1-0"]
[WhiteElo "2321"]
[BlackElo "2157"]
[PlyCount "51"]
[EventDate "1999.05.14"]

1. d4 Nf6 2. c4 g6 3. Nc3 d5 4. Qb3 dxc4 5. Qxc4 a6 6. Nf3 Be6 7. Qd3 b5 8. e4
Bc4 9. Qc2 Bxf1 10. Kxf1 Bg7 11. Ke2 O-O 12. Rd1 c5 13. dxc5 Qc8 14. Nd5 Nc6
15. Bg5 Nxd5 16. exd5 Nb4 17. Qd2 Qxc5 18. Rac1 Qd6 19. a3 Nxd5 20. Qxd5 Bxb2
21. Qe4 Qxa3 22. Bxe7 Rfe8 23. Rc7 b4 24. Kf1 Bf6 25. Qd5 Qa4 26. Bxb4 1-0

[Event "Donau Open "]
[Site "Wien 10"]
[Date "1999.05.14"]
[Round "7.10"]
[White "Alvir, Aco"]
[Black "Wallner, Joachim"]
[Result "1-0"]
[WhiteElo "2408"]
[BlackElo "2290"]
[PlyCount "67"]
[EventDate "1999.05.14"]

1. e4 c5 2. Nf3 e6 3. c3 Nf6 4. e5 Nd5 5. g3 Nc6 6. Bg2 d6 7. exd6 Bxd6 8. O-O
O-O 9. d4 cxd4 10. Nxd4 Nxd4 11. Qxd4 Qc7 12. c4 Be5 13. Qe4 Nf6 14. Qe2 Bd7
15. Re1 Bd4 16. Na3 Rac8 17. Bf4 Qc5 18. Rad1 Rfe8 19. b4 Qxb4 20. Nc2 Bxf2+
21. Qxf2 Qxc4 22. Ne3 Qa6 23. Qb2 Bc6 24. Be5 Bxg2 25. Kxg2 Qc6+ 26. Kg1 Qf3
27. Bxf6 gxf6 28. Rd4 f5 29. Qd2 b5 30. Rf1 Qc6 31. Ng4 e5 32. Nh6+ Kf8 33.
Rxf5 Rc7 34. Qb4+ 1-0

[Event "Donau Open "]
[Site "Wien 10"]
[Date "1999.05.14"]
[Round "7.15"]
[White "Havlicek, Josef"]
[Black "Angerer, Michael"]
[Result "1-0"]
[WhiteElo "2165"]
[BlackElo "2054"]
[PlyCount "55"]
[EventDate "1999.05.14"]

1. e4 e6 2. d4 d5 3. Nc3 Nf6 4. Bg5 Be7 5. Bxf6 Bxf6 6. e5 Be7 7. Qg4 O-O 8.
Bd3 f5 9. Qe2 c5 10. dxc5 Nc6 11. Nf3 Bxc5 12. h4 Qc7 13. O-O-O a6 14. Rde1 Bb4
15. Ng5 Bxc3 16. bxc3 Na5 17. Rh3 h6 18. Qh5 Qxc3 19. Ree3 Nc4 20. Bxc4 Qa1+
21. Kd2 dxc4 22. Ke2 Rd8 23. Qf7+ Kh8 24. Kf3 Bd7 25. Qg6 Qd1+ 26. Kg3 f4+ 27.
Kh2 hxg5 28. hxg5+ 1-0

[Event "Donau Open "]
[Site "Wien 10"]
[Date "1999.05.15"]
[Round "8.1"]
[White "Lau, Ralph"]
[Black "Weinzettl, Ernst"]
[Result "1/2-1/2"]
[WhiteElo "2453"]
[BlackElo "2420"]
[PlyCount "32"]
[EventDate "1999.05.15"]

1. d4 d5 2. c4 c6 3. Nf3 Nf6 4. Nc3 dxc4 5. a4 Bg4 6. Ne5 Bh5 7. Nxc4 Na6 8.
Bg5 e6 9. Qb3 Bb4 10. e3 Qd5 11. Qxb4 Nxb4 12. Nxd5 cxd5 13. Na3 Rc8 14. Bxf6
gxf6 15. Be2 Bxe2 16. Kxe2 Kd7 1/2-1/2

[Event "Donau Open "]
[Site "Wien 10"]
[Date "1999.05.15"]
[Round "8.2"]
[White "Balinov, Ilia"]
[Black "Stanec, Nikolaus"]
[Result "1/2-1/2"]
[WhiteElo "2434"]
[BlackElo "2476"]
[PlyCount "96"]
[EventDate "1999.05.15"]

1. e4 c6 2. d4 d5 3. e5 Bf5 4. Nf3 e6 5. a3 Nd7 6. Be2 h6 7. O-O Ne7 8. Nbd2
Bh7 9. c4 dxc4 10. Nxc4 Nf5 11. Bd2 Nh4 12. Qb3 Nxf3+ 13. Bxf3 Nb6 14. Ba5 Qxd4
15. Nxb6 axb6 16. Rfd1 Qc5 17. Bxb6 Bc2 18. Qb4 Qxb4 19. axb4 Rb8 20. Rdc1 Bb3
21. b5 Bd5 22. bxc6 bxc6 23. Rxc6 Bxf3 24. gxf3 Bb4 25. Bc7 Rc8 26. Rac1 O-O
27. R6c4 Be7 28. b4 Rxc7 29. Rxc7 Bxb4 30. Kg2 Bd2 31. R1c4 g5 32. h4 Bf4 33.
R4c5 gxh4 34. Kh3 Rd8 35. Rc8 Rxc8 36. Rxc8+ Kg7 37. Rc5 Kg6 38. Kg4 Bd2 39. f4
h5+ 40. Kf3 h3 41. Rc4 h2 42. Kg2 Kf5 43. Rc7 Bxf4 44. Rxf7+ Kxe5 45. Rh7 Ke4
46. Rxh5 e5 47. Rh8 Kd3 48. Kf3 Kd2 1/2-1/2

[Event "Donau Open "]
[Site "Wien 10"]
[Date "1999.05.15"]
[Round "8.3"]
[White "Petran, Peter"]
[Black "Schroll, Gerhard"]
[Result "0-1"]
[WhiteElo "2433"]
[BlackElo "2371"]
[PlyCount "104"]
[EventDate "1999.05.15"]

1. g3 Nf6 2. Bg2 d5 3. f4 g6 4. d3 Bg7 5. c3 c6 6. Nh3 Qb6 7. Nf2 Ng4 8. Nxg4
Bxg4 9. h3 Be6 10. e3 Nd7 11. O-O f6 12. Qe2 Bf7 13. Kh1 Qa6 14. Na3 e5 15. Qc2
f5 16. Re1 O-O 17. b4 Rfe8 18. Bb2 Qb6 19. Qd2 a5 20. Nc2 exf4 21. gxf4 axb4
22. Nxb4 Nf6 23. d4 Ne4 24. Qc2 Qd8 25. Nd3 Qh4 26. a4 h6 27. Kg1 g5 28. fxg5
hxg5 29. Nf2 Nd6 30. Nd3 Bg6 31. Qf2 Qxf2+ 32. Kxf2 f4 33. Ne5 Bxe5 34. dxe5
Nc4 35. Bc1 Nxe5 36. Bf1 f3 37. Ba3 Rxa4 38. Bd6 Rxa1 39. Rxa1 Be4 40. Ra7 Nf7
41. Bc5 b5 42. Kg3 Re6 43. Rc7 Nh6 44. Ra7 Rg6 45. Rc7 g4 46. hxg4 Nxg4 47. Bh3
Ne5+ 48. Kh2 Rh6 49. Kg3 Rxh3+ 50. Kxh3 f2 51. Rc8+ Kg7 52. Rf8 Nf7 0-1

[Event "Donau Open "]
[Site "Wien 10"]
[Date "1999.05.15"]
[Round "8.4"]
[White "Forthoffer, Patrik"]
[Black "Tibensky, Robert"]
[Result "1-0"]
[WhiteElo "2300"]
[BlackElo "2427"]
[PlyCount "81"]
[EventDate "1999.05.15"]

1. d4 g6 2. g3 Bg7 3. Bg2 Nf6 4. Nf3 O-O 5. O-O d6 6. c4 c6 7. b3 Bf5 8. Bb2 a5
9. Nbd2 Qc8 10. Ne1 Bh3 11. e4 Bxg2 12. Kxg2 Nfd7 13. Nd3 Na6 14. f4 Nb4 15.
Nxb4 axb4 16. e5 c5 17. Nf3 Qc7 18. Re1 cxd4 19. exd6 Qxd6 20. Bxd4 Nc5 21.
Bxg7 Qxd1 22. Raxd1 Rxa2+ 23. Kh3 Kxg7 24. Rxe7 Ra6 25. Rd5 Rc6 26. Ne5 Rcc8
27. Nd7 Nxd7 28. Rdxd7 b6 29. Rd6 Rb8 30. Re5 Rfd8 31. Rxd8 Rxd8 32. Rb5 Rd6
33. Rxb4 Kf6 34. Rb5 Ke6 35. Kg4 f6 36. Kf3 Ke7 37. Ke4 Re6+ 38. Kd4 Kd7 39. f5
Rc6 40. b4 Ke7 41. c5 1-0

[Event "Donau Open "]
[Site "Wien 10"]
[Date "1999.05.15"]
[Round "8.5"]
[White "Certek, Pavel"]
[Black "Kummer, Helmut"]
[Result "1-0"]
[WhiteElo "2250"]
[BlackElo "2321"]
[PlyCount "102"]
[EventDate "1999.05.15"]

1. d4 d5 2. Nf3 Nc6 3. Bf4 Bg4 4. e3 e6 5. h3 Bxf3 6. Qxf3 Bd6 7. c3 Nge7 8.
Nd2 e5 9. dxe5 Nxe5 10. Bxe5 Bxe5 11. Bd3 Qd6 12. Qg4 h5 13. Qa4+ c6 14. Nf3
Bf6 15. Rd1 Kf8 16. h4 a5 17. O-O b5 18. Qc2 g6 19. e4 Kg7 20. exd5 Nxd5 21.
Be4 Qc5 22. Bxd5 cxd5 23. Qb3 Rhd8 24. Rd2 a4 25. Qb4 Qxb4 26. cxb4 Rac8 27.
Rfd1 Rc4 28. a3 Rf4 29. Rc1 Rc4 30. Rcd1 d4 31. g3 Rd5 32. Kg2 Kf8 33. Ne1 Bg7
34. Nd3 Rd7 35. Re2 Re7 36. Rde1 Rxe2 37. Rxe2 Rc7 38. Kf3 Bf6 39. Nf4 Rc1 40.
Ke4 Kg7 41. Kd3 Rd1+ 42. Rd2 Rxd2+ 43. Kxd2 Be5 44. Ne2 d3 45. Nc3 Bd4 46. Nd1
Kf6 47. Kxd3 Ke5 48. f4+ Kd5 49. Nc3+ Bxc3 50. bxc3 f6 51. c4+ bxc4+ 1-0

[Event "Donau Open "]
[Site "Wien 10"]
[Date "1999.05.15"]
[Round "8.6"]
[White "Kujovic, Michal"]
[Black "Alvir, Aco"]
[Result "0-1"]
[WhiteElo "2346"]
[BlackElo "2408"]
[PlyCount "92"]
[EventDate "1999.05.15"]

1. f4 d5 2. Nf3 g6 3. e3 Bg7 4. Be2 Nh6 5. O-O O-O 6. d4 b6 7. c3 Ba6 8. Bxa6
Nxa6 9. a4 c6 10. a5 b5 11. b4 Nf5 12. Ra2 Nd6 13. Qd3 Nc7 14. Bd2 f6 15. Be1
Qd7 16. Re2 Qf5 17. Qxf5 gxf5 18. Nbd2 Kf7 19. Nb3 Rg8 20. Nc1 Raf8 21. Nd3 Ke8
22. Nh4 e6 23. Rf3 Rf7 24. Rh3 Ne4 25. Nf3 Bf8 26. Kh1 Bd6 27. Rh5 Rgg7 28. Rh6
Kf8 29. Rh5 Kg8 30. Rh6 Bf8 31. Rh5 Ne8 32. Rh3 N8d6 33. Rh5 Re7 34. Rh3 Re8
35. Rh5 Nc4 36. Rh3 Bd6 37. Rh5 Rf7 38. Kg1 Bf8 39. Kf1 Rg7 40. Nb2 Ncd6 41.
Nd3 Rg6 42. g3 Re7 43. Kg2 Ne8 44. Nh4 Rg4 45. h3 Rxg3+ 46. Bxg3 Rg7 0-1

[Event "Donau Open "]
[Site "Wien 10"]
[Date "1999.05.15"]
[Round "8.7"]
[White "Steiner, Bruno"]
[Black "Kantorik, Marian"]
[Result "0-1"]
[WhiteElo "2175"]
[BlackElo "2327"]
[PlyCount "64"]
[EventDate "1999.05.15"]

1. e4 Nf6 2. e5 Nd5 3. d4 d6 4. c4 Nb6 5. exd6 cxd6 6. Nc3 g6 7. Nf3 Bg7 8. h3
O-O 9. Be2 Nc6 10. O-O Bf5 11. Bg5 h6 12. Be3 d5 13. c5 Nc4 14. Bc1 b6 15. b3
N4a5 16. cxb6 axb6 17. Be3 e6 18. Qd2 g5 19. Rac1 Bg6 20. Ne1 Ne7 21. f4 Nf5
22. fxg5 Nxe3 23. Qxe3 Qxg5 24. Qf4 Rfc8 25. Nd3 Nc6 26. Kh1 Nxd4 27. h4 Qxf4
28. Nxf4 Nf5 29. Ncxd5 exd5 30. Rxc8+ Rxc8 31. Bg4 Ng3+ 32. Kg1 Bd4+ 0-1

[Event "Donau Open "]
[Site "Wien 10"]
[Date "1999.05.15"]
[Round "8.8"]
[White "Somasundram, Jayakumar"]
[Black "Posch, Werner"]
[Result "0-1"]
[WhiteElo "2057"]
[BlackElo "2292"]
[PlyCount "58"]
[EventDate "1999.05.15"]

1. e4 Nf6 2. Nc3 d5 3. e5 Ne4 4. Nce2 d4 5. d3 Nc5 6. Nf3 Nc6 7. b4 Ne6 8. b5
Nb8 9. g3 Qd5 10. Bg2 Qxb5 11. O-O c5 12. c3 Nc6 13. a4 Qa5 14. cxd4 cxd4 15.
Bd2 Qd8 16. Rb1 g6 17. a5 a6 18. Rb6 Bg7 19. Rxc6 bxc6 20. Nfxd4 Bd7 21. Nxc6
Qc8 22. Nb4 Rb8 23. d4 O-O 24. f4 Bb5 25. Nd5 Qd8 26. Bb4 Bxe2 27. Qxe2 Rxb4
28. Qxa6 Rxd4 29. Qa7 Rxd5 0-1

[Event "Donau Open "]
[Site "Wien 10"]
[Date "1999.05.15"]
[Round "8.9"]
[White "Gross, Georg"]
[Black "Lehner, Erich"]
[Result "1-0"]
[WhiteElo "2360"]
[BlackElo "2097"]
[PlyCount "107"]
[EventDate "1999.05.15"]

1. d4 Nf6 2. Nf3 d5 3. c4 e6 4. g3 c6 5. Bg2 Bb4+ 6. Bd2 Qe7 7. O-O Ne4 8. Bxb4
Qxb4 9. Qc2 Nd7 10. Nfd2 Nd6 11. a3 Qa5 12. e4 Nxe4 13. b4 Qd8 14. Nxe4 dxe4
15. Qxe4 Nf6 16. Qf4 O-O 17. Nc3 Bd7 18. Rab1 Rc8 19. Rfc1 Qc7 20. Qe3 Rce8 21.
f4 Rd8 22. Bf3 Bc8 23. Qe5 Qxe5 24. dxe5 Ne8 25. Rd1 Nc7 26. Ne4 f6 27. exf6
Rxd1+ 28. Rxd1 gxf6 29. Nd6 e5 30. Nxc8 Rxc8 31. fxe5 fxe5 32. Rd7 a6 33. Bg4
Ne8 34. Be6+ Kh8 35. Rxb7 Rd8 36. Ra7 Rd6 37. Bf5 Nf6 38. Rxa6 e4 39. Kf2 Rd3
40. Ke2 Rc3 41. Rxc6 Kg7 42. g4 Rxa3 43. g5 Nh5 44. Rc7+ Kf8 45. Bxe4 Nf4+ 46.
Kd2 Ra2+ 47. Ke3 Ne6 48. Rxh7 Nxg5 49. Rh5 Ne6 50. b5 Ra3+ 51. Kd2 Ke7 52. b6
Kd6 53. Rd5+ Ke7 54. b7 1-0

[Event "Donau Open "]
[Site "Wien 10"]
[Date "1999.05.15"]
[Round "8.10"]
[White "Kuciel, Wladyslaw"]
[Black "Dueckstein, Andreas"]
[Result "1/2-1/2"]
[WhiteElo "2154"]
[BlackElo "2336"]
[PlyCount "99"]
[EventDate "1999.05.15"]

1. e4 e5 2. Nf3 Nc6 3. Nc3 Nf6 4. d4 exd4 5. Nd5 Be7 6. Bf4 d6 7. Nxd4 O-O 8.
Nc3 Re8 9. Nxc6 bxc6 10. Bd3 Rb8 11. Rb1 d5 12. O-O dxe4 13. Nxe4 Nd5 14. Qf3
Be6 15. a3 f5 16. Ng3 g6 17. Bd2 Bf6 18. c3 Nb6 19. Rfd1 Bb3 20. Re1 Qd7 21.
Nf1 Rxe1 22. Rxe1 Nc4 23. Bxc4+ Bxc4 24. Bc1 Re8 25. Rxe8+ Qxe8 26. Qe3 Qb8 27.
Qc5 Qb5 28. Qxb5 cxb5 29. Be3 a6 30. Nd2 Bd5 31. Bf4 c6 32. f3 Kf7 33. Kf2 Ke6
34. h3 c5 35. Ke2 a5 36. Bc7 a4 37. Bb6 Kd6 38. Kd3 Bc6 39. Kc2 Kd5 40. Bc7 Bg5
41. Nf1 Bd7 42. f4 Bf6 43. Nd2 Be6 44. Kd3 Bc8 45. Nf3 Ba6 46. Ne5 Be7 47. Ba5
g5 48. g3 gxf4 49. gxf4 Bd6 50. Ke3 1/2-1/2

[Event "Donau Open "]
[Site "Wien 10"]
[Date "1999.05.15"]
[Round "8.13"]
[White "Steinert, Martin"]
[Black "Krasser, Margit"]
[Result "1-0"]
[WhiteElo "2142"]
[BlackElo "2180"]
[PlyCount "43"]
[EventDate "1999.05.15"]

1. d4 d5 2. Nf3 Nf6 3. c4 c6 4. e3 Bg4 5. cxd5 Qxd5 6. Be2 e6 7. Nc3 Bb4 8. Bd2
Qd6 9. O-O Nbd7 10. a3 Ba5 11. Nb5 cxb5 12. Bxa5 b6 13. Bb4 Qd5 14. a4 a5 15.
axb5 Ne4 16. Ba3 Nd6 17. Re1 Rd8 18. Qc2 Nxb5 19. Bxb5 Qxb5 20. Ne5 Bh5 21. Qc7
Qd5 22. Nc6 1-0

[Event "Donau Open "]
[Site "Wien 10"]
[Date "1999.05.16"]
[Round "9.1"]
[White "Lau, Ralph"]
[Black "Balinov, Ilia"]
[Result "0-1"]
[WhiteElo "2453"]
[BlackElo "2434"]
[PlyCount "84"]
[EventDate "1999.05.16"]

1. d4 f5 2. Nf3 Nf6 3. g3 g6 4. Bg2 Bg7 5. O-O O-O 6. c3 d6 7. Nbd2 Nc6 8. Qb3+
e6 9. Re1 d5 10. Rd1 Kh8 11. Nf1 Ne4 12. Ne1 b6 13. f3 Nd6 14. Nd3 Bb7 15. Be3
Qe7 16. Qc2 Rad8 17. f4 Ne4 18. Rac1 g5 19. Nd2 gxf4 20. gxf4 Rg8 21. Nf3 Bh6
22. Kh1 Qf7 23. Nfe5 Nxe5 24. Nxe5 Qh5 25. Bf3 Ng3+ 26. Kg2 Ne4+ 27. Kh1 Qh3
28. Nf7+ Kg7 29. Ng5 Bxg5 30. fxg5 Kf7 31. Rg1 f4 32. Rcf1 Rxg5 33. Bxf4 Rxg1+
34. Kxg1 Rg8+ 35. Bg3 Nxg3 36. Bh5+ Ke7 37. Rf7+ Kd6 38. Qxh7 Nxe2+ 39. Kf2
Qxh2+ 40. Ke3 Rg3+ 41. Bf3 Qxh7 42. Rxh7 Ng1 0-1

[Event "Donau Open "]
[Site "Wien 10"]
[Date "1999.05.16"]
[Round "9.2"]
[White "Stanec, Nikolaus"]
[Black "Forthoffer, Patrik"]
[Result "1-0"]
[WhiteElo "2476"]
[BlackElo "2300"]
[PlyCount "111"]
[EventDate "1999.05.16"]

1. c4 Nf6 2. Nc3 g6 3. e4 d6 4. d4 Bg7 5. Be2 O-O 6. Nf3 e5 7. d5 a5 8. Bg5 h6
9. Bh4 Na6 10. Nd2 Qe8 11. Rb1 Bd7 12. b3 h5 13. a3 Nh7 14. f3 Bh6 15. Bf2 Qe7
16. b4 axb4 17. axb4 Qg5 18. g3 Bh3 19. c5 f5 20. Nc4 Qf6 21. c6 b5 22. Nd2 Ng5
23. Rg1 Qf7 24. Bxb5 fxe4 25. Ncxe4 Bf5 26. Rf1 Nxf3+ 27. Qxf3 Bxd2+ 28. Nxd2
Nxb4 29. Rxb4 Ra1+ 30. Nb1 Bxb1 31. Qxf7+ Rxf7 32. Ra4 Ba2+ 33. Ke2 Rxf1 34.
Kxf1 Bxd5 35. Ke1 Kg7 36. Ra7 Kf6 37. Be3 Be4 38. Ra8 Ke6 39. Rd8 Rf3 40. Ke2
Rf7 41. Kd2 Bd5 42. Rd7 Kf6 43. h4 Be6 44. Bg5+ Kf5 45. Rxf7+ Bxf7 46. Bd8 Kg4
47. Bxc7 Kxg3 48. Bd8 Be6 49. Ba6 Kf2 50. c7 e4 51. Bg5 d5 52. c8=Q Bxc8 53.
Bxc8 d4 54. Ba6 e3+ 55. Kd1 Kf3 56. Ke1 1-0

[Event "Donau Open "]
[Site "Wien 10"]
[Date "1999.05.16"]
[Round "9.4"]
[White "Alvir, Aco"]
[Black "Certek, Pavel"]
[Result "1-0"]
[WhiteElo "2408"]
[BlackElo "2250"]
[PlyCount "65"]
[EventDate "1999.05.16"]

1. e4 c5 2. Nf3 Nc6 3. d4 cxd4 4. Nxd4 g6 5. c4 Bg7 6. Be3 Nf6 7. Nc3 O-O 8.
Be2 b6 9. Qd2 Bb7 10. f3 d6 11. O-O Rc8 12. Nc2 Nd7 13. Rfd1 Nc5 14. Bf1 a5 15.
Na3 Ne5 16. Nd5 f5 17. Bg5 Rf7 18. exf5 gxf5 19. Nb5 Nc6 20. Qf2 Ne6 21. Be3
Nc5 22. Rd2 e5 23. Nxb6 Qxb6 24. Rxd6 Bf8 25. Bxc5 Qa6 26. Ba3 Rg7 27. c5 Qa8
28. Rf6 Nb4 29. Bxb4 axb4 30. Nd6 Rcc7 31. Rxf5 Bd5 32. Rxe5 Bxf3 33. Re8 1-0

[Event "Donau Open "]
[Site "Wien 10"]
[Date "1999.05.16"]
[Round "9.5"]
[White "Kantorik, Marian"]
[Black "Gross, Georg"]
[Result "0-1"]
[WhiteElo "2327"]
[BlackElo "2360"]
[PlyCount "146"]
[EventDate "1999.05.16"]

1. d4 Nc6 2. c4 e5 3. d5 Nce7 4. e4 Ng6 5. Be3 Nf6 6. Bd3 Bb4+ 7. Nd2 Qe7 8. a3
Bc5 9. Bxc5 Qxc5 10. Ne2 a5 11. O-O O-O 12. b4 Qe7 13. c5 d6 14. cxd6 cxd6 15.
Nc4 axb4 16. axb4 Rxa1 17. Qxa1 Nh5 18. g3 Bh3 19. Re1 Qf6 20. Ne3 Qg5 21. Kh1
Ne7 22. Ng1 Bc8 23. Qc1 h6 24. Qc7 Qf6 25. f3 Ng6 26. Bf1 Rd8 27. Bg2 Qg5 28.
Ng4 Rf8 29. Qxd6 Bxg4 30. fxg4 Qxg4 31. Qc5 Ra8 32. Qf2 Qg5 33. Qf5 Nxg3+ 34.
hxg3 Qxg3 35. Rc1 Ra2 36. Qf3 Qh4+ 37. Qh3 Qg5 38. Rc8+ Kh7 39. Nf3 Qf4 40. Ng1
Nh4 41. Bf3 Nxf3 42. Nxf3 Qxe4 43. Rc7 Rf2 44. Rc3 Qb1+ 45. Ng1 Qxb4 46. Qe3
Rf5 47. Rd3 Qh4+ 48. Nh3 e4 49. Qg3 Qxg3 50. Rxg3 Rxd5 51. Nf4 Rd2 52. Rb3 Rd7
53. Kg2 g5 54. Nh5 Kg6 55. Ng3 Re7 56. Rb6+ Re6 57. Rxb7 f5 58. Kf2 f4 59. Ne2
Rd6 60. Rb5 Rd2 61. Ke1 e3 62. Ra5 h5 63. Ng1 g4 64. Ne2 f3 65. Nf4+ Kg7 66.
Nxh5+ Kh6 67. Ng3 f2+ 68. Kf1 Rd1+ 69. Ke2 Re1+ 70. Kd3 e2 71. Ra6+ Kh7 72.
Ra7+ Kg8 73. Ra8+ Kf7 0-1

[Event "Donau Open "]
[Site "Wien 10"]
[Date "1999.05.16"]
[Round "9.6"]
[White "Kleiser, Gregor"]
[Black "Petran, Peter"]
[Result "0-1"]
[WhiteElo "2157"]
[BlackElo "2433"]
[PlyCount "54"]
[EventDate "1999.05.16"]

1. e4 g6 2. d4 Bg7 3. Nf3 d6 4. Nc3 Nf6 5. Bg5 Bg4 6. Be2 Nc6 7. Qd2 h6 8. Bh4
O-O 9. d5 Bxf3 10. gxf3 Nb8 11. Nd1 c6 12. Ne3 cxd5 13. exd5 Nbd7 14. Rg1 Qb6
15. c3 Kh7 16. f4 Ne4 17. Qc2 f5 18. O-O-O Rac8 19. Rxg6 Bxc3 20. Nc4 Bxb2+ 21.
Kb1 Qb4 22. Qb3 Qxb3 23. axb3 Bf6 24. Bxf6 Ndxf6 25. Rdg1 Nc3+ 26. Kb2 Nxe2 27.
Rg7+ Kh8 0-1

[Event "Donau Open "]
[Site "Wien 10"]
[Date "1999.05.16"]
[Round "9.7"]
[White "Tibensky, Robert"]
[Black "Steinert, Martin"]
[Result "1-0"]
[WhiteElo "2427"]
[BlackElo "2142"]
[PlyCount "68"]
[EventDate "1999.05.16"]

1. d4 d5 2. c4 c6 3. Nf3 Nf6 4. Qb3 e6 5. Nc3 Nbd7 6. Bg5 Qa5 7. Bxf6 Nxf6 8.
e3 Be7 9. Be2 O-O 10. O-O b6 11. cxd5 exd5 12. a3 Be6 13. Ne5 Rac8 14. f4 Ne4
15. f5 Nxc3 16. bxc3 f6 17. Nd3 Bf7 18. Nb4 Rfd8 19. c4 Bf8 20. cxd5 c5 21.
dxc5 bxc5 22. Nc2 c4 23. Bxc4 Qc5 24. Rf4 Rxd5 25. Bxd5 Bxd5 26. Qd3 Ba8 27.
Nd4 Qd5 28. Rf2 Kh8 29. Rd1 Rd8 30. Rfd2 Qf7 31. Qc3 Bd5 32. Ne6 Bxe6 33. Rxd8
Bxf5 34. Qc5 Kg8 1-0

[Event "Donau Open "]
[Site "Wien 10"]
[Date "1999.05.16"]
[Round "9.12"]
[White "Hirsch, Adolf Jun"]
[Black "Novak, Ivan"]
[Result "0-1"]
[WhiteElo "2061"]
[BlackElo "2296"]
[PlyCount "102"]
[EventDate "1999.05.16"]

1. Nf3 d6 2. g3 e5 3. Bg2 g6 4. c4 Bg7 5. Nc3 Ne7 6. O-O O-O 7. d3 Nd7 8. Bd2
h6 9. Rb1 f5 10. e3 g5 11. b4 Ng6 12. Ne2 f4 13. exf4 exf4 14. gxf4 g4 15. Nfd4
Nf6 16. Ng3 Nh4 17. Bh1 c5 18. Nc2 Nf5 19. Ne3 Nd4 20. Nd5 Kh8 21. Be3 Nxd5 22.
Bxd5 Qh4 23. Bxd4 Bxd4 24. bxc5 dxc5 25. Bxb7 Bxb7 26. Rxb7 Rxf4 27. Qe2 Raf8
28. Nh1 R4f5 29. Qe4 Be5 30. Ng3 Bxg3 31. hxg3 Qxg3+ 32. fxg3 Rxf1+ 33. Kh2
R8f2+ 34. Qg2 Rxg2+ 35. Kxg2 Rd1 36. Rxa7 Rd2+ 37. Kf1 Rxd3 38. Rc7 Rxg3 39.
Rxc5 Kg7 40. a4 Ra3 41. a5 Kg6 42. Kg2 h5 43. Rd5 h4 44. Kh2 Ra2+ 45. Kg1 h3
46. Rd1 g3 47. c5 Kg5 48. c6 h2+ 49. Kh1 Kg4 50. c7 Rc2 51. Rd2 Rc1+ 0-1

[Event "Donau Open "]
[Site "Wien 10"]
[Date "1999.05.16"]
[Round "9.15"]
[White "Wallner, Joachim"]
[Black "Somasundram, Jayakumar"]
[Result "1-0"]
[WhiteElo "2290"]
[BlackElo "2057"]
[PlyCount "91"]
[EventDate "1999.05.16"]

1. e4 c5 2. Nf3 Nc6 3. d4 cxd4 4. Nxd4 Nf6 5. Nc3 e5 6. Ndb5 d6 7. a4 a6 8. Na3
Be7 9. Bc4 Be6 10. O-O Rc8 11. Bg5 Nd4 12. Bxf6 Bxf6 13. Nd5 O-O 14. c3 Nc6 15.
Qd3 Nb8 16. Rfd1 Nd7 17. b4 Bg5 18. a5 Rc6 19. g3 Kh8 20. h4 Bh6 21. Bb3 Nf6
22. c4 Nd7 23. Ne3 Nf6 24. f3 b6 25. Nac2 Nh5 26. Kg2 Nxg3 27. Kxg3 Bf4+ 28.
Kg2 Qxh4 29. Nf5 Bxf5 30. exf5 Qh2+ 31. Kf1 Qh3+ 32. Kf2 Bg3+ 33. Ke3 Qh6+ 34.
Ke4 Rd8 35. Qd5 Qf4+ 36. Kd3 Qxf5+ 37. Kc3 Qc8 38. Kb2 Bf4 39. Qxf7 Rf8 40. Qe7
b5 41. cxb5 axb5 42. a6 e4 43. a7 Be5+ 44. Nd4 Rxf3 45. Qxe5 dxe5 46. Nxc6 1-0